01703 a2200193 45000010006000000050017000060080041000230030015000640400040000790800065001192450091001840200022002752640052002973000020003495051010003690410008013791000023013878560099014106396920260521160827.0260521a2021 arg spa dAR-UNSa-BCEJYS aAR-UNSa-BCEJYSbspacAR-UNSa-BCEJYS a349.243xMedidas de salud e higiene (Accidentes del trabajo)10aLey de riesgos del trabajopComentada y concordada. Actualizada al 15 de Junio de 2021 a978-987-30-2651-5 1aBuenos Aires :bRubinzal-Culzoni Editoresc2021 a1064 p.c22 cm. a1. Del modelo tradicional argentino: De la Ley 9688 a la Ley 24.028 – 2. Sustitución del sistema tradicional por la ley sobre riesgos del trabajo – 3. El Decreto 1694/2009 – 4. La Ley 26.773 y el "ordenamiento" de la reparación de los daños derivados del trabajo – 5. La Ley 27.348 "complementaria" del régimen sobre riesgos del trabajo – 6. Objetivos y ámbitos de aplicación de la ley – 7. De la prevención de los riesgos del trabajo – 8. Contingencias y situaciones cubiertas – 9. Prestaciones dinerarias – 10. Prestaciones en especie – 11. Determinación y revisión de las incapacidades – 12. Régimen financiero – 13. Gestión de las prestaciones – 14. Derechos, deberes y prohibiciones – 15. Fondo de garantía de la LRT – 16. Fondo de reserva de la LRT – 17. Entes de regulación y supervisión de la LRT – 18. Responsabilidad civil del empleador – 19. Órgano tripartito de participación – 20. Normas generales y complementarias –  aspa1 aAckerman, Mario E.41uhttps://www.biblioeco.unsa.edu.ar/pmb/images/libros/L129452.jpgyImagen de portadaqimage/jpeg